[Event "I Torneo Città di Biella"]
[Site "Biella ITA"]
[Date "2010.09.26"]
[Round "4.1"]
[White "Vezzosi, Paolo"]
[Black "Naumkin, Igor"]
[Result "1/2-1/2"]
[WhiteElo "2347"]
[BlackElo "2483"]
[PlyCount "100"]
[EventDate "2010.09.24"]

1. Nf3 Nf6 2. d4 e6 3. c4 b6 4. g3 Bb7 5. Bg2 Be7 6. O-O O-O 7. Nc3 Ne4 8. Bd2
Bf6 9. Rc1 c5 10. d5 exd5 11. cxd5 Nxd2 12. Qxd2 d6 13. Ne4 Be7 14. g4 Nd7 15.
g5 Re8 16. Ng3 g6 17. h4 Bf8 18. e3 b5 19. Nh2 Bg7 20. b3 Nb6 21. Rfd1 a5 22.
Ng4 Bc8 23. Qe2 c4 24. bxc4 Nxc4 25. Ne4 Bxg4 26. Qxg4 a4 27. Bf1 Ne5 28. Qf4
Rb8 29. Nc3 Qd7 30. a3 b4 31. axb4 a3 32. b5 Ra8 33. Ne4 a2 34. Nf6+ Bxf6 35.
gxf6 Kh8 36. Ra1 Rg8 37. Qe4 g5 38. h5 g4 39. Kg2 g3 40. f3 Rg5 41. Bd3 Nxd3
42. Qxd3 Rxh5 43. Rh1 Rh2+ 44. Rxh2 gxh2 45. Kxh2 Qa7 46. Kg3 Rg8+ 47. Kf4 Qa8
48. Qb3 Qd8 49. Qb2 Qf8 50. Qh2 Qe8 1/2-1/2

[Event "I Torneo Città di Biella"]
[Site "Biella ITA"]
[Date "2010.09.26"]
[Round "4.2"]
[White "Sgnaolin, Davide"]
[Black "Arnaudov, G. Petar"]
[Result "1/2-1/2"]
[WhiteElo "2247"]
[BlackElo "2442"]
[PlyCount "50"]
[EventDate "2010.09.24"]

1. e4 c6 2. d4 d5 3. Nd2 dxe4 4. Nxe4 Bf5 5. Ng3 Bg6 6. h4 h6 7. Nf3 Nd7 8. h5
Bh7 9. Bd3 Bxd3 10. Qxd3 e6 11. Bf4 Qa5+ 12. Bd2 Bb4 13. c3 Be7 14. O-O Ngf6
15. Rfe1 Rd8 16. c4 Qc7 17. Bc3 O-O 18. Qc2 Qb6 19. Ne5 c5 20. d5 Nxe5 21. Bxe5
Rfe8 22. dxe6 fxe6 23. Ne4 Rf8 24. Red1 Nxe4 25. Qxe4 Bf6 1/2-1/2

[Event "I Torneo Città di Biella"]
[Site "Biella ITA"]
[Date "2010.09.26"]
[Round "4.3"]
[White "Topczewski, Damian"]
[Black "Stips, Felix"]
[Result "1/2-1/2"]
[WhiteElo "2165"]
[BlackElo "2214"]
[PlyCount "103"]
[EventDate "2010.09.24"]

1. e4 d5 2. exd5 Qxd5 3. Nc3 Qd6 4. d4 Nf6 5. Nf3 a6 6. Ne5 Nc6 7. Nxc6 Qxc6 8.
Be3 Bg4 9. Qd3 O-O-O 10. Qc4 Qxc4 11. Bxc4 e6 12. O-O Bf5 13. Rfc1 Ng4 14. Ne2
Nxe3 15. fxe3 c5 16. c3 Bd6 17. Bb3 cxd4 18. cxd4+ Kb8 19. Nc3 Bg6 20. Bc2 Bxc2
21. Rxc2 f5 22. Ne2 Rc8 23. Rac1 Rxc2 24. Rxc2 Rd8 25. Kf2 g6 26. Kf3 e5 27.
dxe5 Bxe5 28. Nf4 Rd1 29. g3 Rf1+ 30. Kg2 Rb1 31. b3 Rb2 32. Rxb2 Bxb2 33. Ne6
Ba3 34. Ng5 Be7 35. Nxh7 Kc7 36. Kf3 Kd6 37. Kf4 b5 38. Ng5 a5 39. h4 a4 40.
bxa4 bxa4 41. h5 gxh5 42. Kxf5 Kc5 43. Ne4+ Kb4 44. Nd2 Kc3 45. Ne4+ Kb2 46.
Ke5 Bb4 47. Kd4 a3 48. Kd3 Be1 49. Nf6 Bxg3 50. Nxh5 Be5 51. Nf4 Kxa2 52. Kc2
1/2-1/2

[Event "I Torneo Città di Biella"]
[Site "Biella ITA"]
[Date "2010.09.26"]
[Round "4.4"]
[White "Aghayev, Miragha"]
[Black "Lanzani, Mario"]
[Result "1/2-1/2"]
[WhiteElo "2101"]
[BlackElo "2360"]
[PlyCount "74"]
[EventDate "2010.09.24"]

1. e4 e5 2. Bc4 Nf6 3. d3 Nc6 4. Nc3 Na5 5. Bb3 Nxb3 6. axb3 d6 7. f4 exf4 8.
Bxf4 Be7 9. Nf3 c6 10. O-O O-O 11. Kh1 d5 12. e5 Ne8 13. Qd2 Nc7 14. Bg5 Ne6
15. Bxe7 Qxe7 16. d4 b6 17. Ne2 h6 18. c3 Ng5 19. Nxg5 Qxg5 20. Qxg5 hxg5 21.
b4 f6 22. exf6 gxf6 23. Nc1 Kg7 24. Nd3 Re8 25. Rae1 Ba6 26. Rxe8 Rxe8 27. Re1
Re4 28. Rxe4 dxe4 29. Ne1 f5 30. g3 Bc4 31. Kg1 Kg6 32. Ng2 b5 33. h4 Kh5 34.
hxg5 Kxg5 35. Kf2 a6 36. Nf4 Kg4 37. Ng2 Kg5 1/2-1/2

[Event "I Torneo Città di Biella"]
[Site "Biella ITA"]
[Date "2010.09.26"]
[Round "4.5"]
[White "Bargeri, Ludovico"]
[Black "Pulito, Alberto"]
[Result "0-1"]
[WhiteElo "1545"]
[BlackElo "2263"]
[PlyCount "54"]
[EventDate "2010.09.24"]

1. d4 d5 2. c4 c6 3. Nf3 Nf6 4. e3 Bf5 5. Nc3 e6 6. Nh4 Bg6 7. Be2 Bd6 8. Nxg6
hxg6 9. g3 Nbd7 10. b3 Bb4 11. Bd2 Bxc3 12. Bxc3 Ne4 13. Qc2 Qf6 14. Bg4 g5 15.
Bb2 Qe7 16. Rc1 f5 17. Bf3 Ndf6 18. Kf1 Kf7 19. Qe2 g4 20. Bxe4 Nxe4 21. Rc2
Rh3 22. cxd5 exd5 23. Qd3 Rah8 24. Kg2 g6 25. f3 Nxg3 26. fxg4 Nxh1 27. Kxh1
Rxe3 0-1

[Event "I Torneo Città di Biella"]
[Site "Biella ITA"]
[Date "2010.09.26"]
[Round "4.6"]
[White "Gallucci, Alessio"]
[Black "Marinone, Lucio"]
[Result "1/2-1/2"]
[WhiteElo "2144"]
[BlackElo "1997"]
[PlyCount "84"]
[EventDate "2010.09.24"]

1. d4 Nf6 2. c4 g6 3. Nc3 d5 4. h4 Bg7 5. h5 Nxh5 6. cxd5 c6 7. e4 cxd5 8. e5
Bf8 9. Bb5+ Bd7 10. Qa4 e6 11. g4 Ng7 12. Bh6 Bxb5 13. Nxb5 Nc6 14. Nf3 a6 15.
Nd6+ Bxd6 16. Bxg7 Bb4+ 17. Ke2 Rg8 18. Rxh7 b5 19. Qc2 Qb6 20. Bf6 Be7 21. Rc1
Rc8 22. a3 a5 23. Rhh1 Kd7 24. Qd3 a4 25. Bxe7 Kxe7 26. Qc3 b4 27. Qd2 Qb5+ 28.
Qd3 Qxd3+ 29. Kxd3 bxa3 30. bxa3 Na5 31. Nd2 Kd7 32. Rb1 Rh8 33. Rxh8 Rxh8 34.
Rb4 Rh3+ 35. f3 Nb3 36. Rxa4 Nxd2 37. Kxd2 Rxf3 38. Ra7+ Kc6 39. Ke2 Rf4 40.
Ke3 Rf1 41. Ke2 Rf4 42. Ke3 Rf1 1/2-1/2

[Event "I Torneo Città di Biella"]
[Site "Biella ITA"]
[Date "2010.09.26"]
[Round "4.7"]
[White "Inkiov, Ventzislav"]
[Black "Rambaldi, Francesco"]
[Result "1-0"]
[WhiteElo "2485"]
[BlackElo "2015"]
[PlyCount "103"]
[EventDate "2010.09.24"]

1. e4 c5 2. Nf3 d6 3. d4 Nf6 4. Nc3 cxd4 5. Nxd4 a6 6. g3 e5 7. Nde2 Nbd7 8.
Bg2 b5 9. h3 Be7 10. a3 Bb7 11. g4 Nc5 12. Ng3 g6 13. Bh6 Ne6 14. Qd2 Rc8 15.
O-O Ng8 16. Be3 Nf6 17. Nd5 Nxd5 18. exd5 Ng7 19. f4 exf4 20. Bxf4 O-O 21. Bh6
Bh4 22. Ne4 f5 23. Ng5 Qb6+ 24. Kh1 Bxg5 25. Bxg5 Rc4 26. c3 fxg4 27. Rxf8+
Kxf8 28. b3 gxh3 29. bxc4 hxg2+ 30. Kxg2 bxc4 31. Bh6 Kg8 32. Re1 Qc5 33. Bxg7
Bxd5+ 34. Kg3 Kxg7 35. Qg5 Qc6 36. Rf1 Qa8 37. Qf6+ Kg8 38. Qxd6 Bf7 39. Qd7
Qf8 40. Rf6 a5 41. Rc6 Qxa3 42. Rc8+ Kg7 43. Qd4+ Kh6 44. Rc7 Qf8 45. Qf6 Qe8
46. Rxf7 Qe3+ 47. Kg2 Qe2+ 48. Qf2 Qg4+ 49. Kh2 Qh5+ 50. Kg3 Qg5+ 51. Kh3 Qd5
52. Qh4+ 1-0

[Event "I Torneo Città di Biella"]
[Site "Biella ITA"]
[Date "2010.09.26"]
[Round "4.8"]
[White "Genocchio, Daniele"]
[Black "Guidi, Giacomo G"]
[Result "1/2-1/2"]
[WhiteElo "2449"]
[BlackElo "1942"]
[PlyCount "62"]
[EventDate "2010.09.24"]

1. e4 c5 2. Nc3 Nc6 3. Nge2 Nf6 4. d4 cxd4 5. Nxd4 e5 6. Ndb5 d6 7. Nd5 Nxd5 8.
exd5 Nb8 9. Qf3 Bd7 10. Qa3 Bxb5 11. Bxb5+ Nd7 12. O-O Be7 13. Bxd7+ Qxd7 14.
f4 O-O 15. f5 f6 16. Qd3 b5 17. a4 a6 18. Be3 Rfc8 19. Rfc1 Qb7 20. b3 b4 21.
a5 Bd8 22. Ra4 Rab8 23. Qd1 Qb5 24. Rca1 Rb7 25. Kh1 Rbc7 26. Qh5 Rxc2 27. h3
Be7 28. Re1 R8c3 29. Bb6 Rxb3 30. Raa1 Rbb2 31. Re4 b3 1/2-1/2

[Event "I Torneo Città di Biella"]
[Site "Biella ITA"]
[Date "2010.09.26"]
[Round "4.9"]
[White "D'Agostino, Maurizio"]
[Black "Marholev, Dimitar"]
[Result "0-1"]
[WhiteElo "2004"]
[BlackElo "2407"]
[PlyCount "102"]
[EventDate "2010.09.24"]

1. d4 Nf6 2. Nf3 g6 3. Bf4 Bg7 4. e3 O-O 5. Be2 d6 6. h3 b6 7. O-O Bb7 8. c3
Nbd7 9. Nbd2 Re8 10. Nc4 Ne4 11. Qc2 e5 12. dxe5 dxe5 13. Bh2 Ng5 14. Ncd2 Nc5
15. Rfd1 Qe7 16. Nxg5 Qxg5 17. Nf3 Qe7 18. b4 Be4 19. Qb2 Bxf3 20. gxf3 Ne6 21.
Bf1 Qh4 22. Bg3 Qh5 23. Rd7 Rad8 24. Rad1 Rxd7 25. Rxd7 Ng5 26. Bg2 Nxf3+ 27.
Bxf3 Qxf3 28. Qd2 Qc6 29. Qd5 Qxd5 30. Rxd5 Kf8 31. Rd7 Rc8 32. Bh4 h6 33. Rd8+
Rxd8 34. Bxd8 c6 35. c4 b5 36. cxb5 cxb5 37. e4 Ke8 38. Bc7 Kd7 39. Bb8 a6 40.
Kf1 f6 41. Ba7 Bf8 42. a3 f5 43. f3 h5 44. Be3 Be7 45. Ke2 Ke6 46. Bd2 Bh4 47.
Kd3 Bf2 48. Bc1 Kf6 49. Bb2 Bg3 50. Bc3 Kg5 51. Bd2+ Kh4 0-1

[Event "I Torneo Città di Biella"]
[Site "Biella ITA"]
[Date "2010.09.26"]
[Round "4.10"]
[White "Profumo, Alberto"]
[Black "De Francisci, Luigi"]
[Result "1-0"]
[WhiteElo "2250"]
[BlackElo "1898"]
[PlyCount "55"]
[EventDate "2010.09.24"]

1. Nf3 b6 2. g3 Bb7 3. Bg2 f5 4. O-O Nf6 5. c4 e6 6. Nc3 g6 7. d3 Bg7 8. e4
fxe4 9. Ng5 O-O 10. Ncxe4 Nxe4 11. Nxe4 Nc6 12. Rb1 Nd4 13. Be3 Rb8 14. h4 Qe8
15. Bxd4 Bxd4 16. Ng5 Bxg2 17. Kxg2 Qe7 18. Qe2 Rbe8 19. f4 h6 20. Nf3 Qf6 21.
Qe4 c5 22. b4 Rb8 23. Ne5 Bxe5 24. fxe5 Qg7 25. bxc5 bxc5 26. Rxb8 Rxb8 27. Rf6
Kh7 28. h5 1-0

[Event "I Torneo Città di Biella"]
[Site "Biella ITA"]
[Date "2010.09.26"]
[Round "4.11"]
[White "Grinza, Andrea"]
[Black "Bardone, Lorenzo"]
[Result "1-0"]
[WhiteElo "2239"]
[BlackElo "1596"]
[PlyCount "57"]
[EventDate "2010.09.24"]

1. d4 d5 2. c4 c6 3. Nf3 Nf6 4. Qc2 Nbd7 5. Nbd2 dxc4 6. Nxc4 Nb6 7. Nce5 Be6
8. e4 h6 9. Bd3 Rc8 10. Be3 g6 11. O-O Bg7 12. Nh4 g5 13. Nhf3 Ng4 14. Nxg4
Bxg4 15. Ne5 Bxe5 16. dxe5 O-O 17. f4 f6 18. exf6 exf6 19. fxg5 hxg5 20. Qb3+
Kg7 21. h3 Bh5 22. Qc3 Na4 23. Qc2 Nxb2 24. Qxb2 Qxd3 25. Bxg5 Qd6 26. Rf2 Rf7
27. Qc3 Kg6 28. Bxf6 Rxf6 29. e5 1-0

[Event "I Torneo Città di Biella"]
[Site "Biella ITA"]
[Date "2010.09.26"]
[Round "4.12"]
[White "Forno, Roberto"]
[Black "Angelini, Marco"]
[Result "0-1"]
[WhiteElo "1931"]
[BlackElo "2163"]
[PlyCount "94"]
[EventDate "2010.09.24"]

1. d4 d5 2. Nf3 c6 3. c4 e6 4. Nc3 dxc4 5. g3 Nf6 6. Bg2 Nbd7 7. O-O Be7 8. Qc2
O-O 9. e4 b5 10. Bg5 h6 11. Bxf6 Nxf6 12. Rad1 Bb7 13. a3 Qb6 14. Rfe1 Rfd8 15.
Re2 a5 16. Red2 c5 17. d5 exd5 18. Nxd5 Nxd5 19. exd5 Bf6 20. a4 bxa4 21. Qxc4
Bxb2 22. Qxa4 Bc3 23. Re2 Bb4 24. Ne5 Ba6 25. Re3 Bb5 26. Qa2 Rd6 27. Nc4 Bxc4
28. Qxc4 a4 29. Re7 a3 30. Qf4 Rf8 31. Rde1 Bxe1 32. Rxe1 a2 33. Be4 Rfd8 34.
Qf5 g6 35. Qe5 Qb4 36. Bg2 c4 37. h4 c3 38. h5 Qb2 39. hxg6 fxg6 40. Bh3 a1=Q
41. Be6+ Kh7 42. Rxa1 Qxa1+ 43. Kg2 Qa5 44. Bf7 Qc7 45. Bxg6+ Kxg6 46. f4 Qf7
47. g4 Qxd5+ 0-1

[Event "I Torneo Città di Biella"]
[Site "Biella ITA"]
[Date "2010.09.26"]
[Round "4.13"]
[White "Ubezio, Marco"]
[Black "Crepaldi, Marco"]
[Result "1-0"]
[WhiteElo "2137"]
[BlackElo "1917"]
[PlyCount "47"]
[EventDate "2010.09.24"]

1. e4 c5 2. Nf3 d6 3. Bb5+ Bd7 4. Bxd7+ Qxd7 5. O-O Nc6 6. c3 Nf6 7. d4 cxd4 8.
cxd4 Nxe4 9. d5 Ne5 10. Re1 Nxf3+ 11. Qxf3 Nf6 12. Bg5 Kd8 13. Bxf6 gxf6 14.
Qh5 e6 15. Nc3 e5 16. Ne4 Qe7 17. Qf5 Bg7 18. Rac1 Qd7 19. Ng3 Rc8 20. Rxc8+
Kxc8 21. Rc1+ Kd8 22. Qh5 Qe7 23. Nf5 Qf8 24. Qh3 1-0

[Event "I Torneo Città di Biella"]
[Site "Biella ITA"]
[Date "2010.09.26"]
[Round "4.14"]
[White "Miracola, Massimiliano"]
[Black "Finocchiaro, Gianluca"]
[Result "0-1"]
[WhiteElo "1845"]
[BlackElo "2121"]
[PlyCount "134"]
[EventDate "2010.09.24"]

1. e4 d5 2. exd5 Qxd5 3. Nc3 Qa5 4. d4 Nf6 5. Nf3 c6 6. Bc4 Bf5 7. Bd2 e6 8.
Qe2 Bb4 9. a3 Nbd7 10. O-O-O Nb6 11. Ne4 Bxd2+ 12. Nexd2 Nxc4 13. Nxc4 Qc7 14.
Qe5 Qxe5 15. dxe5 Ne4 16. Nd6+ Nxd6 17. Rxd6 Be4 18. Rhd1 Bd5 19. b3 b5 20. Nd4
Rc8 21. f3 O-O 22. Rd7 a6 23. Ra7 Ra8 24. Rxa8 Rxa8 25. Ne2 Kf8 26. Nf4 Ke7 27.
Rd4 g5 28. Nh3 c5 29. Rg4 h6 30. Nf2 c4 31. Kb2 cxb3 32. cxb3 Rd8 33. Rd4 Rc8
34. Ne4 Bxe4 35. Rxe4 Rd8 36. Kc2 Rd5 37. g3 Kf8 38. f4 Kg7 39. Kc3 Kg6 40.
fxg5 hxg5 41. g4 a5 42. a4 bxa4 43. bxa4 Rd1 44. h3 Rh1 45. Re3 Rc1+ 46. Kb3
Rb1+ 47. Ka3 f5 48. exf6 Kxf6 49. Rf3+ Kg6 50. Re3 Kf7 51. Re5 Kf6 52. Rxa5 Rh1
53. Rb5 Rxh3+ 54. Rb3 Rh4 55. Rf3+ Ke5 56. Re3+ Kd5 57. a5 Rxg4 58. a6 Rg1 59.
Rd3+ Kc6 60. Rc3+ Kb5 61. Rb3+ Kxa6 62. Re3 g4 63. Rxe6+ Kb5 64. Kb2 g3 65. Rg6
Kc4 66. Kc2 g2 67. Kd2 Ra1 0-1

[Event "I Torneo Città di Biella"]
[Site "Biella ITA"]
[Date "2010.09.26"]
[Round "4.15"]
[White "Lucchese, Paolo"]
[Black "Temi, Walter"]
[Result "1/2-1/2"]
[WhiteElo "1917"]
[BlackElo "2098"]
[PlyCount "47"]
[EventDate "2010.09.24"]

1. e4 e6 2. d4 d5 3. Nc3 Nf6 4. e5 Nfd7 5. f4 c5 6. Nf3 Nc6 7. Ne2 Qb6 8. c3 f6
9. h4 cxd4 10. cxd4 Be7 11. Nc3 O-O 12. Bd3 Qd8 13. Bxh7+ Kxh7 14. Ng5+ fxg5
15. hxg5+ Kg8 16. Qh5 Rf5 17. Qh7+ Kf7 18. Qh5+ g6 19. Qh7+ Ke8 20. Qxg6+ Rf7
21. Rh7 Nf8 22. Qxf7+ Kd7 23. Rh8 Nxd4 24. Kd1 1/2-1/2

[Event "I Torneo Città di Biella"]
[Site "Biella ITA"]
[Date "2010.09.26"]
[Round "4.16"]
[White "Moncelli, Giorgio"]
[Black "Argiolas, Alberto"]
[Result "1/2-1/2"]
[WhiteElo "2089"]
[BlackElo "1867"]
[PlyCount "91"]
[EventDate "2010.09.24"]

1. d4 Nf6 2. Nf3 g6 3. Bg5 Bg7 4. Nbd2 O-O 5. e4 d6 6. Bd3 a5 7. a4 Na6 8. c3
b6 9. O-O c5 10. d5 Nc7 11. Re1 Nd7 12. Nc4 f6 13. Be3 Ne8 14. Nfd2 Ne5 15. Be2
f5 16. f4 Nxc4 17. Bxc4 fxe4 18. Nxe4 Bh6 19. Qd2 Nf6 20. Ng5 Bxg5 21. fxg5 Ne8
22. Rf1 Ng7 23. Rxf8+ Qxf8 24. Rf1 Qe8 25. b3 Bd7 26. h3 Nf5 27. Bf4 Kh8 28.
Re1 Qf7 29. Qe2 Re8 30. Bb5 Bxb5 31. Qxb5 Rb8 32. Qd3 Rf8 33. Rf1 Qe8 34. Qe4
Qf7 35. Bd2 Kg8 36. Rf3 Qe8 37. c4 Ng7 38. Bc3 Rxf3 39. Qxf3 Nf5 40. Bb2 Qf8
41. Qe4 Ng7 42. Qe3 Nf5 43. Qe6+ Qf7 44. Qc8+ Qf8 45. Qe6+ Qf7 46. Qc8+ 1/2-1/2

[Event "I Torneo Città di Biella"]
[Site "Biella ITA"]
[Date "2010.09.26"]
[Round "4.17"]
[White "Siclari, Giovanni"]
[Black "Trumpf, Walter"]
[Result "1-0"]
[WhiteElo "1443"]
[BlackElo "2060"]
[PlyCount "125"]
[EventDate "2010.09.24"]

1. f4 e5 2. fxe5 d6 3. exd6 Bxd6 4. Nf3 Bg4 5. g3 h5 6. d4 h4 7. Bg5 Be7 8. Bf4
hxg3 9. Bxg3 Nf6 10. Bg2 Ne4 11. Nbd2 Nxg3 12. hxg3 Rxh1+ 13. Bxh1 Qd6 14. Ne4
Qh6 15. Bg2 Bxf3 16. exf3 Nc6 17. c3 O-O-O 18. Qe2 f5 19. Nd2 Qg6 20. O-O-O Re8
21. Qf2 f4 22. g4 Qe6 23. Kb1 Qe3 24. Qxe3 fxe3 25. Ne4 Bh4 26. Bf1 Ne7 27. Rd3
Rf8 28. Rxe3 Nd5 29. Re2 Rxf3 30. Bg2 Re3 31. Rxe3 Nxe3 32. Bf3 b6 33. Kc1 Kd7
34. b3 Ke6 35. Kd2 Nd5 36. c4 Nf6 37. Nxf6 Bxf6 38. Kd3 a5 39. a4 Kd6 40. Be4
Bh4 41. Bf5 g5 42. Ke4 Bg3 43. Bh7 Bf4 44. Kf5 Bc1 45. Kf6 Be3 46. Bg6 Bd2 47.
Kf7 Be3 48. Kf6 Bxd4+ 49. Kxg5 Kc5 50. Kf4 Kb4 51. Bc2 Kc3 52. Ke4 c5 53. Bd1
Kd2 54. Bf3 Kc2 55. Kd5 Kxb3 56. Bd1+ Kb4 57. g5 Bg7 58. g6 Kc3 59. Bg4 Kb3 60.
Bd7 Kb4 61. Bb5 Kc3 62. Ke6 Kd4 63. Kf7 1-0

[Event "I Torneo Città di Biella"]
[Site "Biella ITA"]
[Date "2010.09.26"]
[Round "4.18"]
[White "Bazzeato, Stefano"]
[Black "Arruzza, Francesco"]
[Result "1-0"]
[WhiteElo "2052"]
[BlackElo "1850"]
[PlyCount "71"]
[EventDate "2010.09.24"]

1. d4 Nf6 2. c4 c5 3. d5 b5 4. cxb5 a6 5. f3 axb5 6. e4 Qa5+ 7. Bd2 b4 8. Na3
d6 9. Nc4 Qc7 10. a3 bxa3 11. Rxa3 Rxa3 12. bxa3 Nbd7 13. Ne2 g6 14. Nc3 Ba6
15. Qa4 Bxc4 16. Bxc4 Bg7 17. Qa8+ Qb8 18. Qxb8+ Nxb8 19. Ke2 O-O 20. a4 Nbd7
21. Rb1 Ra8 22. Bb5 Nb8 23. Bc6 Nxc6 24. dxc6 Ne8 25. Nd5 e6 26. c7 Nxc7 27.
Nxc7 Rc8 28. a5 Bd4 29. Nb5 Rb8 30. Kd3 d5 31. exd5 exd5 32. a6 Bf6 33. a7 c4+
34. Kc2 Ra8 35. Bh6 Bd8 36. Nd4 1-0

[Event "I Torneo Città di Biella"]
[Site "Biella ITA"]
[Date "2010.09.26"]
[Round "4.19"]
[White "Burani, Eugenio"]
[Black "Cossar, Claudio"]
[Result "1/2-1/2"]
[WhiteElo "1899"]
[BlackElo "1775"]
[PlyCount "122"]
[EventDate "2010.09.24"]

1. e4 d5 2. exd5 Qxd5 3. Nc3 Qa5 4. d4 Nf6 5. Bd2 c6 6. Nf3 Bf5 7. Bc4 e6 8.
O-O Bb4 9. Re1 Nbd7 10. a3 Bxc3 11. Bxc3 Qc7 12. d5 cxd5 13. Bxd5 Nxd5 14. Qxd5
O-O 15. Qd4 Nf6 16. Qh4 Nd5 17. Be5 Qxc2 18. Nd4 Qc8 19. Nxf5 exf5 20. Qd4 Nf6
21. Bxf6 gxf6 22. Qxf6 Re8 23. Rxe8+ Qxe8 24. Qxf5 Qe6 25. Qxe6 fxe6 26. Rd1
Rc8 27. g3 Rc7 28. Rd2 Kf7 29. f4 Kf6 30. Kf2 e5 31. fxe5+ Kxe5 32. Ke3 h5 33.
Rd4 Rc2 34. Rb4 b6 35. h3 Kf5 36. Kf3 Rh2 37. g4+ hxg4+ 38. hxg4+ Kg5 39. Rb5+
Kg6 40. g5 Rd2 41. Ke3 Rg2 42. Kd4 Rc2 43. Kd3 Rg2 44. Kc3 Rg3+ 45. Kc4 Rg2 46.
b4 Rc2+ 47. Kb3 Rg2 48. a4 Rg3+ 49. Kc4 Rg2 50. a5 Rc2+ 51. Kb3 Rc6 52. axb6
axb6 53. Rd5 Rc1 54. Rd6+ Kxg5 55. Rxb6 Kf5 56. b5 Ke5 57. Rh6 Kd5 58. Rh5+ Kd6
59. Kb4 Ra1 60. Rh6+ Kc7 61. Rh7+ Kb6 1/2-1/2

[Event "I Torneo Città di Biella"]
[Site "Biella ITA"]
[Date "2010.09.26"]
[Round "4.20"]
[White "Coppola, Federico"]
[Black "Raselli, Claudio"]
[Result "1/2-1/2"]
[WhiteElo "1590"]
[BlackElo "1961"]
[PlyCount "35"]
[EventDate "2010.09.24"]

1. e4 c5 2. Nc3 Nc6 3. f4 g6 4. Nf3 Bg7 5. Bc4 e6 6. d3 Nge7 7. O-O d5 8. Bb3
O-O 9. Qe1 a6 10. Qe2 b5 11. a3 c4 12. Ba2 Bb7 13. Bd2 Qb6+ 14. Kh1 dxe4 15.
dxe4 Rfd8 16. Be3 Qc7 17. Qf2 Rd7 18. Nh4 1/2-1/2

[Event "I Torneo Città di Biella"]
[Site "Biella ITA"]
[Date "2010.09.26"]
[Round "4.21"]
[White "Caldi, Mario"]
[Black "Caprioglio, Riccardo"]
[Result "1-0"]
[WhiteElo "1870"]
[BlackElo "1560"]
[PlyCount "63"]
[EventDate "2010.09.24"]

1. e4 e6 2. d4 d5 3. Nc3 Nf6 4. e5 Nfd7 5. f4 c5 6. Be3 Nc6 7. Nf3 Qb6 8. Qd2
cxd4 9. Nxd4 Bc5 10. O-O-O f6 11. Na4 Qb4 12. Nxc5 Qxd2+ 13. Rxd2 Nxc5 14. Nxc6
Ne4 15. Nd4 Nxd2 16. Kxd2 a6 17. c4 fxe5 18. fxe5 Kf7 19. Be2 h6 20. Rf1+ Ke7
21. Nb3 dxc4 22. Bc5+ Ke8 23. Bxc4 b5 24. Bd3 Bb7 25. Bg6+ Kd8 26. Rf7 Bd5 27.
Bd6 Bc6 28. Nc5 Be8 29. Nxe6+ Kc8 30. Rc7+ Kb8 31. Re7+ Kc8 32. Bxe8 1-0

[Event "I Torneo Città di Biella"]
[Site "Biella ITA"]
[Date "2010.09.26"]
[Round "4.22"]
[White "Moratto, Davide"]
[Black "Penna, Tommaso"]
[Result "0-1"]
[WhiteElo "1854"]
[BlackElo "1705"]
[PlyCount "112"]
[EventDate "2010.09.24"]

1. e4 Nf6 2. e5 Nd5 3. Nc3 Nxc3 4. bxc3 d6 5. exd6 cxd6 6. g3 g6 7. Bg2 Nc6 8.
d4 Bg7 9. Ne2 Qc7 10. O-O O-O 11. Nf4 e6 12. Bd2 Na5 13. Ne2 Nc4 14. Bf4 e5 15.
Bg5 h6 16. Bc1 Bd7 17. Rb1 Bc6 18. d5 Bd7 19. Kh1 Rac8 20. f4 b6 21. h3 h5 22.
Kh2 Kh7 23. Ng1 exf4 24. Bxf4 Bxc3 25. Nf3 Qc5 26. Ng5+ Kg7 27. Ne4 Qd4 28.
Qxd4+ Bxd4 29. Nxd6 Nxd6 30. Bxd6 Rfe8 31. Rbd1 Bf6 32. Rd2 Bg5 33. Rdf2 f5 34.
h4 Be3 35. Rf3 Rxc2 36. Re1 Bc5 37. Rxe8 Bxe8 38. Bxc5 Rxc5 39. Re3 Kf8 40. d6
Rc2 41. Kg1 Rd2 42. Re7 a5 43. Re6 Bf7 44. Re7 Rxd6 45. Rb7 Bxa2 46. Rb8+ Ke7
47. Bf1 Kf6 48. Kf2 Ke5 49. Re8+ Kd5 50. Bb5 Kc5 51. Bf1 b5 52. Rb8 Bc4 53. Bg2
Rd2+ 54. Kg1 Kb4 55. Rb6 a4 56. Rxg6 a3 0-1

[Event "I Torneo Città di Biella"]
[Site "Biella ITA"]
[Date "2010.09.26"]
[Round "4.23"]
[White "Giovarruscio, Gabriele"]
[Black "Costantino, Gian Franco"]
[Result "1-0"]
[WhiteElo "1669"]
[BlackElo "1758"]
[PlyCount "115"]
[EventDate "2010.09.24"]

1. Nf3 d5 2. c4 c6 3. g3 Nf6 4. Bg2 e6 5. O-O Be7 6. d4 O-O 7. Qc2 Nbd7 8. b3
Ne4 9. Bb2 f5 10. Ne1 Bg5 11. f4 Be7 12. Nf3 Qe8 13. Nc3 Ndf6 14. Ne5 Bd6 15.
Rad1 Qh5 16. Bf3 Qh6 17. cxd5 exd5 18. Na4 Bxe5 19. dxe5 Ng4 20. Bxg4 fxg4 21.
e3 Bf5 22. Qg2 a5 23. Nc3 Rfd8 24. Qe2 Qe6 25. Nxe4 Bxe4 26. Qd2 b5 27. Rc1 b4
28. Rc5 Ra6 29. Rfc1 Rb8 30. Qe2 Rbb6 31. Bd4 Ra8 32. Qb2 a4 33. bxa4 Rxa4 34.
Qd2 Rba6 35. Qb2 Rxa2 36. Qxb4 Rg2+ 37. Kf1 Qc8 38. Ra5 Qa8 39. Rca1 Rxa5 40.
Rxa5 Qe8 41. Qa3 Qh5 42. Ra8+ Kf7 43. Qf8+ Kg6 44. Qe8+ Kh6 45. Qxh5+ Kxh5 46.
e6 Rxh2 47. e7 Rh1+ 48. Kf2 Rh2+ 49. Ke1 Rh1+ 50. Kd2 Rh2+ 51. Kc3 Bg6 52. e8=Q
Bxe8 53. Rxe8 Rg2 54. Re5+ Kh6 55. Re7 g6 56. Bg7+ Kh5 57. Re5+ g5 58. Rxg5#
1-0

[Event "I Torneo Città di Biella"]
[Site "Biella ITA"]
[Date "2010.09.26"]
[Round "4.24"]
[White "Rocchi, Enrico"]
[Black "Schingaro, Angelo"]
[Result "0-1"]
[WhiteElo "1966"]
[BlackElo "1724"]
[PlyCount "74"]
[EventDate "2010.09.24"]

1. e4 c5 2. c3 d5 3. exd5 Qxd5 4. d4 Nc6 5. Nf3 Bg4 6. Be2 e6 7. O-O Nf6 8. h3
Bh5 9. Qa4 Qd7 10. g4 Bg6 11. Bb5 Bd6 12. dxc5 Bb8 13. Nd4 O-O 14. Bxc6 Qc7 15.
f4 Bd3 16. Rf2 bxc6 17. Qxc6 Be4 18. Qxc7 Bxc7 19. Nd2 Bd5 20. b4 h5 21. g5 Ne4
22. Nxe4 Bxe4 23. a4 Bd5 24. Be3 e5 25. fxe5 Bxe5 26. Bf4 Rae8 27. Re1 Bxd4 28.
Rd1 Bxf2+ 29. Kxf2 Rd8 30. Bd6 Bb3 31. Rb1 Bxa4 32. Ra1 Bb5 33. Rxa7 Rfe8 34.
Ra5 Bc4 35. Ra7 Re2+ 36. Kf3 Rde8 37. Bf4 Bd5+ 0-1

[Event "I Torneo Città di Biella"]
[Site "Biella ITA"]
[Date "2010.09.26"]
[Round "4.25"]
[White "Leopardi, Stefano"]
[Black "Melling, Jonathon"]
[Result "1/2-1/2"]
[WhiteElo "1599"]
[BlackElo "1905"]
[PlyCount "57"]
[EventDate "2010.09.24"]

1. c4 e5 2. Nc3 b6 3. d3 Bb7 4. Nf3 Nc6 5. g3 Nd4 6. Bg2 Nf6 7. O-O d6 8. Be3
Nf5 9. Bg5 Nd4 10. e3 Nxf3+ 11. Bxf3 c6 12. d4 Qc7 13. dxe5 Nd7 14. exd6 Bxd6
15. Bf4 Bxf4 16. exf4 O-O-O 17. Qc2 Kb8 18. Rad1 Nf6 19. Rxd8+ Rxd8 20. Rd1 Re8
21. Bg2 Qe7 22. Qd2 Kc7 23. h3 Bc8 24. Kf1 Be6 25. b3 Bf5 26. g4 Be4 27. Nxe4
Nxe4 28. Bxe4 Qxe4 29. Kg1 1/2-1/2

[Event "I Torneo Città di Biella"]
[Site "Biella ITA"]
[Date "2010.09.26"]
[Round "4.26"]
[White "Bosticardo, Tommaso"]
[Black "Monticone, Sonia"]
[Result "1/2-1/2"]
[WhiteElo "1558"]
[BlackElo "1827"]
[PlyCount "90"]
[EventDate "2010.09.24"]

1. d4 d5 2. c4 e6 3. Nc3 c6 4. Nf3 Nf6 5. e3 Bd6 6. Bd3 Nbd7 7. O-O e5 8. cxd5
cxd5 9. dxe5 Nxe5 10. Bb5+ Bd7 11. Bxd7+ Qxd7 12. Nd4 a6 13. Qe2 O-O 14. Rd1
Rad8 15. Nf3 Qg4 16. Nxe5 Qxe2 17. Nxe2 Bxe5 18. Nd4 h5 19. h3 Rc8 20. Nf3 Bb8
21. Rd3 Rfd8 22. Kf1 Ne4 23. Nd2 Nc5 24. Rc3 Be5 25. Rc2 Nd3 26. Rxc8 Rxc8 27.
Nb3 Rc2 28. Bd2 b5 29. Rd1 Nxb2 30. Rc1 Rxc1+ 31. Nxc1 Nc4 32. Be1 d4 33. e4
Kf8 34. Ke2 Ke7 35. Kd3 Bf6 36. f4 Ke6 37. e5 Bd8 38. Kxd4 Bb6+ 39. Ke4 g6 40.
g4 hxg4 41. hxg4 a5 42. f5+ gxf5+ 43. gxf5+ Kd7 44. Kd5 Ne3+ 45. Ke4 Nc4
1/2-1/2